000 01314nam2a22002771 4500
001 rc\3225931
005 20250609192906.0
021 _aRU
_b[74-37971]
035 _a(NLR Aleph) 007469239
090 _a7398711
_c7398711
100 _a20130115d1973 |||y0rusy50 ca
101 0 _arus
102 _aRU
105 _ay z |||||
200 0 _a1971-1972
_fСост. П.В. Малярец, М.Г. Удалых, В.В. Березин [и др.]
_gРед. П.В. Малярец
210 _d1973
_aБ. м.
215 _a274 с.
461 0 _1001rc\3225930
_12001#$aЯщур$eБиблиогр. указ. отеч. и иностр. литературы$fВсесоюз. науч.-исслед. ящурный ин-т МСХ СССР. Отд. науч.-техн. информации$v1971-1972
_97398703
_cВладимир
_d1973
_fВсесоюз. науч.-исслед. ящурный ин-т МСХ СССР. Отд. науч.-техн. информации
_nБ. и.
_oБиблиогр. указ. отеч. и иностр. литературы
_tЯщур
_v1971-1972
702 1 _aУдалых
_bМ.Г.
_4220
702 1 _aМалярец
_bП.В.
_4220
_4340
702 1 _aБерезин
_bВ.В.
_4220
801 0 _aRU
_bNLR
_gpsbo
801 1 _aRU
_bELAR
_2rusmarc
852 _aNLR
_jС383-410/Я99
942 _cBOOK
980 _aNB